Setting Limits Fairly : (Record no. 617876)

MARC details
000 -LEADER
fixed length control field 00505nam a2200193 a 4500
008 - FIXED-LENGTH DATA ELEMENTS--GENERAL INFORMATION
fixed length control field 260318s2002##################000#0#eng##
020 ## - INTERNATIONAL STANDARD BOOK NUMBER
ISBN 9780195149364
082 04 - DEWEY DECIMAL CLASSIFICATION NUMBER
Classification number 362.1042
Item number DAN
100 1# - MAIN ENTRY--AUTHOR NAME
Personal name Daniels, Norman,
245 10 - TITLE STATEMENT
Title Setting Limits Fairly :
260 ## - PUBLICATION, DISTRIBUTION, ETC. (IMPRINT)
Name of publisher Oxford University Press, USA,
Year of publication 2002.
300 ## - PHYSICAL DESCRIPTION
Number of Pages 191 pages
650 #0 - SUBJECT ADDED ENTRY--TOPICAL TERM
Topical Term Medical.
942 ## - ADDED ENTRY ELEMENTS (KOHA)
Koha item type English Books
Holdings
Withdrawn status Lost status Damaged status Not for loan Home library Current library Shelving location Date acquired Full call number Accession Number Price effective from Koha item type
        Anna Centenary Library Anna Centenary Library 4TH FLOOR, A WING 18.03.2026 362.1042 DAN 189019 18.03.2026 English Books

Find us on the map